000 00227 a2200109 4500
020 _a9780545456883
041 _aspa
100 _aJayne Church, Caroline
245 _aTe quiero mucho hasta maąna
942 _cBK
952 _71
999 _c22323
_d22323